| 000 | 01378nam0a2200349 4500 | ||
|---|---|---|---|
| 001 | RU\NLR\bibl\1224558 | ||
| 005 | 20250615112516.0 | ||
| 010 |
_a978-5-89777-118-9 _91000 |
||
| 021 |
_aRU _b2008-20611 _91130 |
||
| 035 | _a(NLR Aleph) 001210878 | ||
| 090 |
_a77382 _c77382 |
||
| 100 | _a20080512d2007 |||y0rusy50 ca | ||
| 101 | 0 |
_arus _ceng |
|
| 102 | _aRU | ||
| 105 | _aa ||||||||| | ||
| 200 | 1 |
_aСловарь практической Materia medica _dA dictionary of practical Materia Medica _fДжон Генри Кларк _g[пер. с англ. к. м. н. Вахмистров А. В., Федотова Г. А.] _zeng |
|
| 205 | _a[Новое рус. изд.] | ||
| 210 |
_aМосква _cГомеопатическая медицина _d2007 |
||
| 215 |
_a1685 с. _cпортр. _d27 |
||
| 300 | _aАвт. также на англ. яз.: by Jonn Henry Clarke, m.d. | ||
| 320 | _aТр. Д.Г. Кларка: с. 10 | ||
| 510 | 0 |
_6z22790 _aA dictionary of practical Materia Medica _zeng |
|
| 606 | 1 |
_aГомеопатия _jСловари _9928873 _3RU\NLR\auth\6623097 |
|
| 686 | _aР359.18я21 | ||
| 700 | 1 |
_aКларк _bД. Г. _f1853-1931 _gДжон Генри _4070 |
|
| 790 | 1 |
_6z22510 _aClarke _bJ. H. _gJohn Henry _4070 |
|
| 801 | 0 |
_aRU _bNLR _c20080512 _gRCR |
|
| 801 | 1 |
_aRU _bNLR _c20080512 |
|
| 942 | _cBOOK | ||
| 980 | _aNB | ||